MDQL
is popping MORE tags! Check the
thread
!
Quizzes
Events
Quiz Creation
Community
Videos
Private Events
Remove Ads
Sign In
Join for FREE
Feedback
Dark Mode
Quiz Categories
Sports
Geography
Music
Movies
Television
Just For Fun
Miscellaneous
History
Literature
Language
Science
Gaming
Entertainment
Religion
Holiday
For Kids
Quiz Lab
Recent
Popular Today
Quiz Kudos Today
Editor Picks
Curator Picks
Quizzes by...
Day
Popularity
Type
Ratings
Length
Year
Community
Subscriptions
Recent Discussions
Orange Saloon
Badges
Playlists
Quests
Create
Leaderboards
Showdown
Live 5
Trivia Bingo
Activity
Puzzle Library
Sporcle Events
Private Events
Virtual Trivia
Globe League
Become a Host
Pub Owners
SporcleCon
Opinionation
Our Games
Videos
Blog
Mobile Apps
Partnerships
Remove Ads and Go Orange
Feedback
Music
Pop Music
The Beatles
Song
Album
Lyrics
Bands
Singers
Artist
Clip
Rock
Rap
Classical
Billboard
Country Music
Kpop
Taylor Swift
Music
Pop Music
The Beatles
Song
Album
Lyrics
Bands
Singers
Artist
Clip
Rock
Rap
Classical
Billboard
Country Music
Kpop
Taylor Swift
Random Quiz
Search Sporcle
×
Quiz Lab
Quiz Lab
Music
Rock
Type answers based on single images at one time
Type answers based on single images at one time
Slideshow
Best Score? Go Orange.
Rock Band Timelines Stats
Can you name the rock bands from these Wikipedia timelines?
By
Hiya24
10m
20 Questions
84 Plays
84 Plays
84 Plays
Comments
Comments
Give Quiz Kudos
Give Quiz Kudos
-
- Ratings
hide this ad
More Info
Replay
Link that replays current quiz
Next Quiz
Link to next quiz in quiz playlist
You Got
0%
They Got
Avg Score
29%
Avg Friend Score
Upgrade to see
Score Distribution
Jump to the score distribution portion of the page
Score
0/20
Timer
10:00
0
Plays Today
% Correct
Nirvana
72.6%
Metallica
51.2%
The Beatles
51.2%
Queen
45.2%
The Rolling Stones
38.1%
Eagles
33.3%
Pink Floyd
33.3%
Rush
31%
AC
28.6%
The Yardbirds + Led Zeppelin
26.2%
% Correct
Black Sabbath
25%
Guns 'n' Roses
25%
Yes
23.8%
Sex Pistols
23.8%
Lynyrd Skynyrd
16.7%
The Red Hot Chili Peppers
15.5%
Deep Purple
13.1%
Green Day
13.1%
The Allman Brothers Band
9.5%
The Cure
7.1%
Quiz Playlist
Details
Report
Send in Message
Add To Playlist
More Info:
* 20 is a conglomeration of two bands. Either one is acceptable.
Slideshow:
Type answers based on single images at one time
Last Updated: Feb 16, 2017
Quiz Scoreboard
CHALLENGE
Sign Up to Join the Scoreboard
Show All
Scores
Hide
Comments
May contain spoilers
Recently Published
5x2 Blitz: Bands
by SL_Kpop136
Music
30s
Colored Red Africa Blitz
by spor1
Geography
30s
Find the 'City' Movie
by crazypaving
Movies
60s
More to Explore
Quiz From the Vault
Featured Blog Post
14 Easter Pick-up Lines to Find Eggs With
hide this ad
You Might Also Like...
Tags
Rock Quiz
Wikipedia
Today's Top Quizzes in Music
Browse Music
hide this ad
Today's Top Quizzes in Rock
Browse Rock
Top Contributed Quizzes in Music
1
5X2 Blitz: Bands II
2
Taylor Swift All Songs (2024)
3
5X2 Blitz: The Beatles
4
5X2 Blitz: Billboard
5
Taylor Swift Logic Puzzle
6
Taylor Swift Logic Puzzle II
7
5X2 Blitz: Album
8
5X2 Blitz: Billboard II
9
Music Artist by Three 2010s hits
10
5X2 Blitz: Rock
Explore More
Trending Topics
Kpop
Disney
Crossword
Harry Potter
Marvel
NBA
Anime
Pokémon
Puzzle
NFL
WWE
Country
Song
The Office
Soccer
hide this ad
More By:
Hiya24
Quiz
Plays
Rating
Category
Featured
Created
Lyrics From 'The Wall'
418
5.00
Music
Nov 12, 2012
Memory Card Selection
149
5.00
Just For Fun
Aug 15, 2016
State and Capital by First Letter
120
4.20
Geography
Mar 31, 2013
Rock Band Timelines
84
Music
Jul 10, 2016
Robert Christgau's A+s
82
5.00
Music
Feb 23, 2016
Go to Creator's Profile
Score Distribution
Quiz Creator Spotlight
Hiya24
Follow
Send a Message
Quizzes Created
-
Created Quiz Play Count
-
More By This Creator
Popular Quizzes Today
1
Find the 'City' Movie
2
5x2 Blitz: Bands
3
Colored Red Africa Blitz
4
Find the US States - No Outlines Minefield
5
The Countries of the World
6
Find the US States
7
9x9 Crossword: Cartoon Network
8
US States
More Music Quizzes
Unlucky 13: Beatles Studio Albums
Curator's Pick
Trending Quizzes
Colored Red Europe Blitz I
Colored Red Africa Blitz II
Colored Red Europe Blitz III
Colored Red Europe Blitz II
Colored Red Africa Blitz III
Recently Updated
Champions League XIs: Real Madrid
pecheneg
Largest US Cities 1790-2010
pecheneg
Rides in Walt Disney World
pecheneg
Most Oscar Losses (Acting)
pecheneg
Beyoncé Albums
pecheneg
Leaping Animals
pecheneg
Reality TV Shows (A-Z)
bhenderson79
Rickey Henderson's Hall of Fame Teammates
pecheneg
Champions League XIs: Arsenal
pecheneg
Quick Pick: Celebrities in WWE's Hall of Fame
aduchscher
Trending Topics
Harry Potter
Disney
Anime
Marvel
Kpop
Crossword
NBA
Pokémon
Song
Country
WWE
NFL
Puzzle
Soccer
The Office
Your Account Isn't Verified!
In order to create a playlist on Sporcle, you need to verify the email address you used during registration. Go to your
Sporcle Settings
to finish the process.
Report this User
Report this user for behavior that violates our
Community Guidelines
.
Details:
Send Report
Go to the Sporcle.com Mobile Site →
Comments